Statistics for 2,000 Biggest World Cities furthest from Larger City by Proximity

Click here to take the quiz!

General Stats

  • This quiz has been taken 12,273 times
  • The average score is 1441 of 2000

Answer Stats

Pop Country # City % Correct
7,100,000 Canada6Toronto
99%
7,500 Canada12Yarmouth
99%
141,176 France25Limoges
98%
1,930,000 France13Lyon
98%
3,125,000 United Kingdom5Birmingham
98%
14,400,000 United Kingdom1London
98%
2,075,000 United States16Pittsburgh
98%
247,297 United Kingdom14Plymouth
98%
56,571 Russia26Borovichi
98%
400,212 Russia21Tver
98%
354,860 Spain19Bilbao
98%
3,075,000 United States11Cleveland
98%
2,325,000 Germany17Stuttgart
98%
215,062 Russia18Velikiy Novgorod
98%
185,972 France22Le Havre
98%
1,610,000 United States11Virginia Beach
98%
409,431 Russia25Kursk
98%
265,025 Russia10Petrozavodsk
98%
11,200,000 France2Paris
98%
315,738 Russia16Cherepovets
98%
342,700 Belarus27Vitebsk
98%
1,960,000 Belarus7Minsk
98%
369,200 Belarus27Mogilev
98%
4,100,000 Canada3Montréal
98%
1,010,000 France8Bordeaux
98%
2,200,000 Germany17Munich
98%
433,055 France17Toulouse
98%
7,350,000 United States4Boston
98%
1,180,000 Canada10Ottawa
98%
277,269 France20Nantes
98%
62,075 Russia26Tikhvin
98%
144,899 France18Brest
98%
338,620 France20Nice
98%
5,600,000 Germany7The Ruhr
98%
201,990 Russia19Pskov
98%
177,636 United Kingdom20Norwich
98%
1,700,000 United States10Hartford
98%
149,782 France25Dijon
98%
3,100,000 Netherlands12Rotterdam
98%
1,030,000 United States14Richmond
98%
1,300,000 United States16Harrisburg
98%
8,350,000 United States4Washington
98%
181,194 Netherlands23Groningen
98%
4,255 United States27Ely
98%
2,750,000 Germany12Hamburg
98%
1,490,000 United States14Raleigh
98%
3,125,000 Germany13Frankfurt
98%
528,595 Canada7Quebec
98%
1,650,000 Ukraine10Kharkiv
98%
1,360,000 Switzerland16Zurich
98%
480,951 Belarus24Gomel
98%
401,270 Spain20Palma
97%
221,106 Bosnia and Herzegovina29Banja Luka
97%
5,450,000 Russia1Saint Petersburg
97%
73,648 Mexico12Salina Cruz
97%
366,133 Italy20Bologna
97%
4,925,000 Brazil3Belo Horizonte
97%
3,275,000 United States4San Diego
97%
7,600,000 United States1San Francisco
97%
17,800,000 Japan2Osaka
97%
1,340,000 Algeria10Oran
97%
98,107 Russia25Balashov
97%
347,483 United States8Bakersfield
97%
2,200,000 Japan7Okayama
97%
262,566 Mexico11Oaxaca
97%
7,872 Mexico15San Luis
97%
156,649 Hungary35Pecs
97%
70,753 Brazil19Paracatu
97%
225,221 United States9Reno
97%
274,770 United Kingdom10Belfast
97%
5,700,000 China14Qingdao
97%
550,000 Kosovo20Pristina
97%
1,470,000 Czech Republic17Prague
97%
427,236 Russia23Bryansk
97%
1,280,000 Mexico7Querétaro
97%
1,190,000 Portugal7Porto
97%
2,175,000 India20Bhopal
97%
619,746 Brazil14Ribeirao Preto
97%
4,650,000 Spain3Barcelona
97%
335,024 Brazil14Bauru
97%
520,173 Russia19Ryazan'
97%
4,325,000 United States2Phoenix
97%
189,876 Pakistan21Sadiqabad
97%
72,897 United States17Saint George
97%
116,596 Italy26Pescara
97%
512,602 Russia18Penza
97%
33,875 Mexico16Puerto Penasco
97%
126,234 Brazil19Patos de Minas
97%
570,352 Poland23Poznan
97%
2,150,000 Pakistan15Multan
97%
1,170,000 Germany18Nuremberg
97%
288,649 United States23Ironville
97%
1,200,000 India23Kotā
97%
236,563 Slovakia35Kosice
97%
190,384 Ireland11Cork
97%
304,142 Romania29Craiova
97%
1,220,000 Russia8Kazan
97%
2,375,000 Poland12Katowice
97%
4,500,000 China9Dalian
97%
631,973 China19Dandong
97%
458,937 Japan11Kanazawa-shi
97%
1,040,000 China17Jinzhou
97%
3,950,000 China14Jinan
97%
2,775,000 India15Indore
97%
1,640,000 United States17Columbus
97%
1,880,000 China19Huai'an
97%
775,404 Syria17Homs
97%
1,870,000 Japan7Hiroshima
97%
22,000 Saudi Arabia23Duba
97%
1,330,000 Ireland4Dublin
97%
157,857 Canada13Greater Sudbury
97%
250,878 Brazil13Governador Valadares
97%
1,620,000 United Kingdom4Glasgow
97%
277,554 Spain16Gijon
97%
494,665 United States6Fresno
97%
65,870 United States18Flagstaff
97%
1,610,000 Denmark11Copenhagen
97%
52,527 United States17Lake Havasu City
97%
2,200,000 Romania9Bucharest
97%
1,010,000 Mexico6Mexicali
97%
1,760,000 Russia5Nizhny Novgorod
97%
505,272 Japan10Niigata-shi
97%
22,000,000 United StatesNew York
97%
149,257 Italy20Cagliari
97%
10,400,000 Japan2Nagoya
97%
360,176 Japan9Nagano-shi
97%
436,870 Spain21Murcia
97%
148,334 Spain17Badajoz
97%
4,650,000 Mexico3Monterrey
97%
5,150,000 Italy6Milan
97%
58,898 Russia26Mikhaylovka
97%
67,717 Mexico21Matehuala
97%
2,075,000 United States5Las Vegas
97%
1,640,000 France10Marseille
97%
130,035 Mexico12Manzanillo
97%
1,000,000 Spain12Málaga
97%
6,250,000 Spain2Madrid
97%
360,044 Poland28Lublin
97%
2,725,000 United States12Cincinnati
97%
2,600,000 Portugal3Lisbon
97%
181,162 Austria33Linz
97%
269,923 Mexico17Ciudad Victoria
97%
230,717 Mexico14Coatzacoalcos
97%
1,800,000 Mexico6León
97%
504,971 Germany22Leipzig
97%
374,699 Brazil13São José do Rio Preto
97%
237,551 Denmark19Aarhus
97%
1,090,000 Russia11Saratov
97%
1,930,000 Spain10Valencia
97%
7,650,000 China5Shenyang
97%
176,314 Croatia28Split
97%
309,003 Mexico17Tampico
97%
688,356 Morocco14Tangier
97%
280,592 Mexico15Tepic
97%
178,915 Algeria22Tiaret
97%
39,500,000 JapanTokyo
97%
468,825 Russia20Tula
97%
481,128 Mexico9Tuxtla Gutierrez
97%
563,536 Brazil12Uberlandia
97%
422,784 India27Udaipur
97%
3,675,000 Algeria4Algiers
97%
317,864 Spain17Valladolid
97%
1,320,000 Spain11Seville
97%
21,970 Sweden22Visby
97%
395,644 Morocco14Al Hoceima
97%
20,000 Egypt13Al Bawiti
97%
1,040,000 Russia12Voronezh
97%
325,837 Japan9Akita Shi
97%
634,893 Poland23Wroclaw
97%
2,550,000 China21Xuzhou
97%
2,100,000 China16Yantai
97%
606,730 Russia15Yaroslavl
97%
652,136 Mexico6Acapulco
97%
674,317 Spain16Zaragoza
97%
183,790 United Kingdom11Aberdeen
97%
29,800 Russia23Shar'ya
97%
520,116 United States9Tucson
97%
1,200,000 Morocco10Fez
97%
91,895 Italy22Sassari
97%
1,490,000 Japan4Sendai
97%
1,910,000 United States14Indianapolis
96%
5,700,000 United States4Detroit
96%
374,801 Albania20Tirana
96%
4,250,000 Italy3Naples
96%
121,052 Libya10Tobruk
96%
347,562 Cuba9Camaguey
96%
2,950,000 Turkey5Izmir
96%
101,616 Pakistan20Dera Ismail Khan
96%
1,390,000 India21Jabalpur
96%
387,417 Brazil7Campos
96%
367,752 Australia2Canberra
96%
173,514 United States16Jackson
96%
14,674 United States25Traverse City
96%
3,350,000 Jordan5Amman
96%
313,238 Turkey18Denizli
96%
3,525,000 India12Jaipur
96%
16,900,000 RussiaMoscow
96%
32,318 South Africa14De Aar
96%
2,806 United States26Burns
96%
200,452 Cyprus21Nicosia
96%
290,927 Italy12Catania
96%
39,329 Australia8Orange
96%
125,933 Indonesia13Pangkalpinang
96%
648,260 Italy9Palermo
96%
137,154 Greece14Heraklion
96%
405,253 Morocco14Oujda
96%
35,450 Mali24Bougouni
96%
95,048 Jordan18Aqaba
96%
4,025,000 United States3Tampa
96%
276,088 Romania28Brasov
96%
354,290 Greece18Thessaloniki
96%
193,524 United States22Little Rock
96%
47,597 Australia7Tamworth
96%
49,857 Côte d'Ivoire24Odienne
96%
1,110,000 Ukraine12Odessa
96%
132,728 Guinea15Nzerekore
96%
62,374 Indonesia14Tanjung Pandan
96%
1,160,000 Turkey12Antalya
96%
95,622 Egypt14Hurghada
96%
420,323 Indonesia9Jambi City
96%
408,364 South Korea15Jeju-si
96%
332,379 Brazil13Montes Claros
96%
102,903 Saudi Arabia17Al Qurayyat
96%
71,373 South Africa9Upington
96%
2,685 Australia15Lightning Ridge
96%
1,790,000 India15Varanasi
96%
3,275,000 Brazil3Curitiba
96%
24,649 United States13Key West
96%
26,636 Saudi Arabia21Al Wajh
96%
4,199 Australia16Cobar
96%
312,770 Bulgaria24Varna
96%
568,313 Mexico7Veracruz
96%
17,600,000 United StatesLos Angeles
96%
2,150,000 Austria13Vienna
96%
4,065 Italy16Lampedusa
96%
67,700 Egypt11Al Kharijah
96%
178,874 United States27Knoxville
96%
63,814 Norway18Kristiansand
96%
74,948 Canada14Sault Ste. Marie
96%
1,790,000 Brazil3Vitória
96%
250,512 Cuba10Santa Clara
96%
5,150,000 Egypt3Alexandria
96%
46,913 Australia9Wagga Wagga
96%
163,360 Greece19Patra
96%
62,042 Egypt13Mersa Matruh
96%
2,050,000 India19Agra
96%
1,320,000 India19Jodhpur
96%
48,815 United States24Monroe
96%
696,731 Bosnia and Herzegovina15Sarajevo
96%
66,788 United States18Missoula
96%
2,025,000 India13Chandigarh
96%
22,100,000 MexicoMexico City
96%
2,500,000 Tunisia3Tunis
96%
4,400,000 Australia1Melbourne
96%
3,325,000 India11Lucknow
96%
2,275,000 Poland8Warsaw
96%
109,701 Benin24Kandi
96%
3,475,000 Syria4Damascus
96%
10,483 United States22Alpena
96%
21,355 United States18Marquette
96%
114,009 Guinea20Kankan
96%
635,994 Moldova16Chisinau
96%
422,407 Egypt7Luxor
96%
455,450 Saudi Arabia11Tabuk
96%
2,575,000 Hungary10Budapest
96%
1,400,000 Serbia10Belgrade
96%
800,000 Croatia20Zagreb
96%
188,040 United States21Grand Rapids
96%
156,185 United States10Eugene
96%
576,015 India22Bikaner
96%
3,600,000 Italy4Rome
96%
455,173 Indonesia7Pontianak
96%
504,084 Sweden9Gothenburg
96%
41,491 Australia7Port Macquarie
96%
538,378 Egypt12Port Said
96%
42,240 Canada10Rimouski
96%
1,324,570 India15Gorakhpur
96%
1,450,000 India8Srinagar
96%
11,236 South Africa22Prieska
96%
134,759 Indonesia10Baturaja
96%
394,050 Turkey26Samsun
96%
21,800,000 Brazil1São Paulo
96%
56,830 Ghana26Bawku
96%
420,585 Egypt7Asyut
96%
29,370 United Kingdom12George Town
96%
309,712 Indonesia6Bengkulu
96%
461,865 Poland21Gdansk
96%
76,639 United States15Bend
96%
3,850,000 Pakistan5Rawalpindi
96%
5,000 Egypt16Qasr al Farafirah
96%
1,330,000 Bulgaria9Sofia
96%
7,000 Egypt15Siwa Oasis
96%
264,022 Turkey27Sivas
96%
294,087 Romania23Galati
96%
200,000 Nepal18Pokhara
96%
12,700,000 Brazil1Rio de Janeiro
96%
104,057 United States24Green Bay
96%
1,170,000 India16Bareilly
96%
4,975,000 Mexico2Guadalajara
96%
3,425,000 Greece3Athens
96%
89,487 India23Barmer
96%
277,387 Italy20Bari
96%
15,455 Australia14Griffith
96%
4,900,000 Australia2Sydney
96%
412,724 Brazil11Florianopolis
96%
87,857 Canada7Saint John
96%
257,778 India27Satna
96%
379,200 Ukraine23Sevastopol
96%
253,691 United States18Fort Wayne
96%
9,276 Australia15Swan Hill
96%
183,982 Argentina19San Luis
95%
199,311 United States19Shreveport
95%
10,200,000 Pakistan1Lahore
95%
3,925,000 China14Fuzhou
95%
58,649 Guinea19Labe
95%
542,366 Lithuania20Vilnius
95%
18,610 Canada26Cranbrook
95%
318,769 China24Shangrao
95%
5,900,000 China11Wenzhou
95%
2,150,000 China11Baotou
95%
449,325 China21Chengde
95%
16,427 China20Erenhot
95%
1,210,000 Turkey11Konya
95%
594,590 Iran16Rasht
95%
61,527 Guinea14Kamsar
95%
183,418 Turkey23Corum
95%
2,350,000 United States9Saint Louis
95%
1,620,000 Argentina4Córdoba
95%
9,800,000 United States2Chicago
95%
4,075,000 United States2Seattle
95%
4,675,000 China14Zhengzhou
95%
229,573 United States15Lubbock
95%
3,850,000 China13Shijiazhuang
95%
70,617 Canada17Lethbridge
95%
2,500,000 Canada3Vancouver
95%
117,429 United States28Evansville
95%
209,444 China20Sanming
95%
125,109 Canada14Kelowna
95%
247,333 India30Sagar
95%
86,209 United States26Fort Smith
95%
1,040,000 United States14Louisville
95%
19,927 United States25Kalispell
95%
1,060,000 Turkey11Kayseri
95%
1,030,000 China18Chifeng
95%
46,525 Bahamas12Lucaya
95%
153,757 Argentina20Rio Cuarto
95%
78,406 Mali18Kayes
95%
37,475 India13Leh
95%
329,825 Iran17Khorramabad
95%
717,803 Ukraine20Lviv
95%
74,005 Sweden14Umea
95%
742,572 Latvia12Riga
95%
1,920,000 United States7Kansas City
95%
31,894 United States23Lewiston
95%
391,906 United States11Tulsa
95%
8,300,000 China10Hangzhou
95%
241,261 Egypt8Aswan
95%
1,010,000 United States5New Orleans
95%
1,420,000 Canada3Calgary
95%
2,075,000 Sweden4Stockholm
95%
1,090,000 United States6Oklahoma City
95%
16,800,000 EgyptCairo
95%
14,168 Canada19Williams Lake
95%
2,275,000 United States2Portland
95%
227,940 Bahamas10Nassau
95%
26,013 Burkina Faso24Diapaga
95%
4,200,000 China10Taiyuan
95%
1,690,000 Indonesia3Palembang
95%
111,424 Argentina16Santa Rosa
95%
181,376 United States14Tallahassee
95%
90,870 China22Yulin
95%
3,350,000 China13Ningbo
95%
440,118 Colombia11Pereira
95%
9,889 Canada18Hinton
95%
104,553 United States18Wichita Falls
95%
4,500,000 Germany8Berlin
95%
410,753 Iran19Ardabil
95%
1,360,000 China24Handan
95%
186,990 Cuba10Pinar del Rio
95%
1,680,000 Turkey10Adana
95%
91,067 United States14Yakima
95%
208,916 United States8Spokane
95%
2,900,000 Australia1Brisbane
95%
202,687 Finland10Tampere
95%
2,225,000 Cuba2Havana
95%
3,675,000 China18Nanchang
95%
37,941 United States31Cape Girardeau
95%
154,305 United States10Cape Coral
95%
261,110 China21Tongliao
95%
159,498 United States23Springfield
95%
528,256 Iran18Hamadan
95%
65,558 Canada6Prince George
95%
78,800 Senegal14Tambacounda
95%
127,366 Mozambique11Xai-Xai
94%
120,965 China17Xilin Hot
94%
142,089 South Africa12Kimberley
94%
25,190 Argentina16Dolores
94%
489,505 Argentina10Santa Fe
94%
2,966 Canada15Havre-Saint-Pierre
94%
559,056 North Korea16Hamhung
94%
89,694 Brazil18Santana do Livramento
94%
8,263,100 China10Zhumadian
94%
276,546 Argentina7Bahia Blanca
94%
96,786 Iran21Yasuj
94%
62,896 South Africa12Graaff-Reinet
94%
16,434 Liberia13Greenville
94%
6,700 Namibia21Warmbad
94%
1,190,000 China15Zhangjiakou
94%
313,300 Azerbaijan21Ganja
94%
14,819 Canada13Gaspe
94%
26,400,000 IndiaDelhi
94%
117,063 United States21Abilene
94%
1,320,000 United States5Jacksonville
94%
2,650,000 Japan7Fukuoka
94%
215,652 Côte d'Ivoire15Daloa
94%
209,530 North Korea20Kanggye-si
94%
249,219 Brazil14Santa Maria
94%
8,000,000 China10Wuhan
94%
192,680 North Korea19Hyesan-si
94%
9,000,000 India4Hyderabad
94%
1,520,000 China14Datong
94%
89,979 Botswana12Francistown
94%
1,780,000 China11Huhehot
94%
27,000 Argentina17Coronel Suarez
94%
312,140 Peru9Cusco
94%
644,763 Turkey18Diyarbakir
94%
1,050,000 India14Hubli
94%
98,940 Brazil17Bage
94%
305,215 United States11Corpus Christi
94%
6,200 France7Saint-Pierre
94%
167,359 Côte d'Ivoire19Korhogo
94%
18,693 Canada7Corner Brook
94%
174,354 Sierra Leone10Bo
94%
69,264 Colombia15Arauca
94%
105,968 Canada3Sydney
94%
9,050,000 Taiwan5Taipei
94%
2,050,000 United States6San Antonio
94%
104,325 Argentina9Tandil
94%
1,130,000 Colombia7Bucaramanga
94%
349,550 Mexico14Nuevo Laredo
94%
320,674 Brazil8Pelotas
94%
358,661 China25Anqing
94%
4,675,000 Turkey2Ankara
94%
404,838 South Africa7Newcastle
94%
4,275,000 South Korea6Busan
94%
4,794 Botswana21Nata
94%
1,360,000 United States12Nashville
94%
550,564 India25Nanded
94%
463,064 South Africa7Bloemfontein
94%
109,468 South Africa15Phalaborwa
94%
78,663 South Africa12Mthatha
94%
156,691 Cambodia14Sihanoukville
94%
353,442 Venezuela11Barinas
94%
22,582 Canada8Sept-Iles
94%
2,000,000 Colombia6Barranquilla
94%
48,366 United States22Roswell
94%
1,340,000 Argentina3Rosario
94%
1,030,000 India20Sholapur
94%
252,968 South Africa8Richards Bay
94%
90,184 Argentina24Reconquista
94%
46,673 Thailand26Surin
94%
1,650,000 India13Rajkot
94%
165,377 Iran20Bandar-e Bushehr
94%
336,681 India20Bellary
94%
116,250 United States29Springfield
94%
121,610 Norway12Stavanger
94%
123,749 South Africa17Polokwane
94%
5,700,000 India6Surat
94%
150,178 Mexico19Piedras Negras
94%
400,249 Iraq15An Nasiriyah
94%
236,250 Ukraine30Chernivtsi
94%
122,533 Thailand19Ubon Ratchathani
94%
196,751 Côte d'Ivoire13San-Pedro
94%
417,387 India14Mangalore
94%
327,000 North Korea17Chongjin
94%
601,214 India20Sangli
94%
553,935 Argentina3Mar del Plata
94%
1,270,000 United States7McAllen
94%
123,480 Brazil20Uruguaiana
94%
136,286 United States15Savannah
94%
316,748 Romania30Cluj-Napoca
94%
272,420 Colombia12Monteria
94%
111,147 United States20Midland
94%
28,205 Zimbabwe19Chiredzi
94%
1,830,000 Uruguay3Montevideo
94%
1,459,994 Malaysia7Kota Bharu
94%
587,022 Russia13Vladivostok
94%
126,326 United States22Cedar Rapids
94%
145,210 Argentina22Concordia
94%
500 Australia3Flying Fish Cove
93%
4,700,000 Indonesia1Surabaya
93%
99,182 Canada1Saint John's
93%
58,566 United States17Grand Junction
93%
89,072 Thailand14Phuket
93%
12,076 Canada6Grand Falls-Windsor
93%
48,463 Sweden20Sundsvall
93%
1,210,000 South Africa2Port Elizabeth
93%
25,000 Cambodia17Stung Treng
93%
76,237 Thailand23Sakon Nakhon
93%
47,378 Laos26Luang Prabang
93%
255,106 Ukraine30Rivne
93%
52,526 Venezuela13Puerto Ayacucho
93%
10,438 South Africa16Springbok
93%
174,582 South Africa5George
93%
222,673 Philippines9Puerto Princesa
93%
2,825,000 North Korea8Pyongyang
93%
127,201 Thailand15Surat Thani
93%
366,229 Malaysia8Kuantan
93%
18,136 Botswana18Letlhakane
93%
21,678 United States23Gallup
93%
14,806 South Africa13Vredendal
93%
208,411 Botswana9Gaborone
93%
398,346 Ukraine30Khmelnytskyi
93%
179,481 Philippines8Legaspi
93%
162,620 Argentina18La Rioja
93%
89,104 Finland18Kuopio
93%
310,750 Peru7Pucallpa
93%
28,100,000 IndonesiaJakarta
93%
247,231 Thailand15Udon Thani
93%
1,830,000 India14Nasik
93%
4,403 Botswana24Hukuntsi
93%
766,706 Iran16Kahriz
93%
13,400,000 South AfricaJohannesburg
93%
115,105 Philippines4Tuguegarao City
93%
2,050,000 Indonesia3Semarang
93%
246,844 Peru9Ica
93%
382,368 United States12Wichita
93%
6,850,000 China12Nanjing
93%
21,018 Argentina18San Jose de Jachal
93%
6,591 Botswana25Tshabong
93%
208,781 Thailand15Nakhon Ratchasima
93%
3,025,000 India16Nagpur
93%
118,807 Philippines8San Jose
93%
78,712 Brazil20Tres Lagoas
93%
44,276 Peru14Moyobamba
93%
52,493 Peru14Jaen
93%
35,375 Finland25Kajaani
93%
147,959 Peru10Huanuco
93%
1,880,000 Cambodia3Phnom Penh
93%
1,230,000 Finland4Helsinki
93%
1,470,000 Iraq12Mosul
93%
2,200,000 Mozambique2Maputo
93%
1,180,000 Indonesia7Pekanbaru
93%
3,961 Canada10Saint-Augustin
93%
1,620,000 Iran6Tabriz
93%
38,057 Indonesia13Pangkalanbuun
93%
4,550,000 China16Hefei
93%
45,877 United States19Farmington
93%
376,657 Peru7Huancayo
93%
840,352 Indonesia7Padang
93%
42,940 Sweden20Ostersund
93%
1,140,000 Norway3Oslo
93%
8,496 Namibia16Oranjemund
93%
447,048 Argentina7San Juan
93%
6,200,000 United States2Houston
93%
1,150,000 United States10Memphis
93%
188,812 Argentina18San Fernando del Valle de Catamarca
93%
27,340 United States23Dodge City
93%
5,785 South Africa18Carnarvon
93%
150,444 Cambodia17Battambang
93%
2,475 Australia14Bourke
93%
3,700,000 China5Changchun
93%
3,225,000 South Africa2Durban
93%
78,756 Thailand25Chiang Rai
93%
577,375 Peru6Chiclayo
93%
1,590,000 India16Aurangabad
93%
213,585 Norway8Bergen
93%
140,033 Peru10Ayacucho
93%
603,837 India26Amravati
93%
108,500 United States25Columbia
93%
21,100,000 ChinaBeijing
93%
44,737 South Africa10Beaufort West
93%
699,385 Zimbabwe4Bulawayo
93%
203,433 United States18Des Moines
93%
7,297 Philippines8Basco
93%
7,450,000 India3Ahmedabad
93%
242,565 Syria23Deir ez-Zor
93%
6,550,000 United States1Dallas
93%
79,819 Brazil11Cruzeiro do Sul
93%
23,200,000 IndiaMumbai
92%
1,050,000 Argentina2Mendoza
92%
4,864 Colombia21Miraflores
92%
195,111 United States14Mobile
92%
238,129 Chile6Temuco
92%
4,125,000 South AfricaCape Town
92%
7,298 Colombia14Inirida
92%
477,905 Iran15Yazd
92%
22,370 Iraq20Ar Rutbah
92%
2,925,000 Colombia4Cali
92%
252,968 Chile8Talcahuano
92%
197,479 Chile12Talca
92%
814,192 Nigeria13Ilorin
92%
352,855 Colombia9Neiva
92%
242,092 Argentina9Neuquen
92%
3,425,000 Indonesia2Medan
92%
161,317 Chile13Coquimbo
92%
2,475,000 Venezuela5Maracaibo
92%
747,450 Peru4Trujillo
92%
129,280 Chile12Copiapo
92%
7,000,000 Malaysia1Kuala Lumpur
92%
44,096 Norway13Alesund
92%
371,713 Turkey27Van
92%
267,005 Saudi Arabia12Hayil
92%
190,695 United States13Amarillo
92%
37,775 United States22Clovis
92%
8,250,000 Vietnam1Ho Chi Minh City
92%
45,380 Costa Rica11Liberia
92%
9,950,000 PeruLima
92%
95,913 Indonesia12Sungai Penuh
92%
55,835 Thailand17Chumphon
92%
2,750,000 Iran5Isfahan
92%
11,721 Argentina18Chos Malal
92%
44,895 Chile15Vallenar
92%
147,139 Norway7Trondheim
92%
237,040 Benin15Djougou
92%
15,800,000 ArgentinaBuenos Aires
92%
48,144 Ecuador14Puerto Francisco de Orellana
92%
6,850,000 Iraq2Baghdad
92%
2,550,000 Ecuador3Quito
92%
165,216 Ecuador11Esmeraldas
92%
130,337 Colombia13Florencia
92%
382,236 Colombia8Pasto
92%
6,900,000 Singapore1Singapore
92%
9,098 Colombia20Puerto Leguizamo
92%
1,710,000 Iran6Shiraz
92%
33,635 Nicaragua12Bilwi
92%
1,550,000 Malaysia6George Town
92%
128,618 Finland9Oulu
92%
408,958 United States7Omaha
92%
24,400,000 South KoreaSeoul
92%
109,163 Argentina16San Rafael
92%
30,900,000 ChinaShanghai
92%
22,136 Colombia16San Jose del Guaviare
92%
1,060,000 India8Guwahati
91%
1,820,000 Togo6Lomé
91%
1,480,000 Nigeria11Benin City
91%
420,691 Turkey23Erzurum
91%
86,265 United States13Duluth
91%
700,133 Bangladesh13Rajshahi
91%
2,450,000 Azerbaijan5Baku
91%
2,675,000 Ghana5Kumasi
91%
7,050,000 ChileSantiago
91%
20,685 Saudi Arabia18Al Qaysumah
91%
3,375,000 Ukraine3Kiev
91%
1,200,000 China16Guilin
91%
2,775,000 Nepal8Kathmandu
91%
136,783 Myanmar19Dawei
91%
1,540,000 India12Jamshedpur
91%
33,982 Australia10Warrnambool
91%
14,300,000 TurkeyIstanbul
91%
2,300,000 United States2Salt Lake City
91%
162,887 India25Sambalpur
91%
58,257 Colombia9San Andres
91%
381,900 New Zealand2Wellington
91%
1,840,000 Costa Rica4San José
91%
23,300,000 PhilippinesManila
91%
515,574 India13Shiliguri
91%
361,548 India22Bhagalpur
91%
9,419 New Zealand6Greymouth
91%
2,275,000 Philippines2Cebu
91%
237,089 Myanmar11Pathein
91%
2,475,000 India10Patna
91%
173,298 Myanmar16Myeik
91%
360,579 Ghana13Tamale
91%
3,050,000 United States3Minneapolis
91%
30,016 Australia10Mildura
91%
103,427 Thailand20Phitsanulok
91%
14,285 Australia14Horsham
91%
327,608 Russia24Sochi
91%
6,100,000 United States1Miami
91%
232,919 Ghana11Takoradi
91%
237,000 Bangladesh18Sylhet
91%
200,952 Thailand17Chiang Mai
91%
438,861 Myanmar6Mawlamyine
91%
99,334 Canada10Thunder Bay
91%
67,861 Kenya14Garissa
91%
49,168 New Zealand3New Plymouth
91%
74,907 United States12Medford
91%
13,700,000 Iran1Tehran
91%
177,743 Myanmar18Sittwe
90%
265,331 India14Aizawl
90%
223,523 India18Imphal
90%
87,822 Turkmenistan16Balkanabat
90%
563,930 Eritrea14Asmara
90%
62,432 Tanzania26Singida
90%
78,107 Ghana26Wa
90%
816,824 Nigeria14Jos
90%
145,292 Tanzania22Tabora
90%
1,680,000 Nigeria7Kaduna
90%
3,200,000 China7Nanning
90%
98,754 Nigeria23Kontagora
90%
34,314 Kenya19Moyale
90%
255,396 Iran15Sari
90%
341,136 Tanzania9Arusha
90%
471,832 Brazil12Londrina
90%
20,219 Kenya27Lodwar
90%
1,920,000 China12Liuzhou
90%
107,362 Tanzania24Shinyanga
90%
2,275,000 United States12Charlotte
90%
23,718 Tanzania28Mgandu
90%
4,150,000 Kuwait4Kuwait City
90%
90,603 China21Baise City
90%
144,753 China13Sanya
90%
143,382 Algeria16Bechar
90%
450,097 Algeria11Constantine
90%
1,156 São Tomé and Príncipe18Santo Antonio
90%
45,355 Panama12Santiago de Veraguas
90%
2,075,000 Nigeria7Port Harcourt
90%
16,900,000 ThailandBangkok
90%
244,083 Turkey27Trabzon
90%
292,645 Nigeria21Makurdi
90%
58,877 Brazil18Guanambi
90%
5,150,000 Myanmar1Yangon
90%
2,825,000 Cameroon5Douala
90%
4,575,000 Ghana3Accra
90%
11,095 Sudan20Gebeit
90%
1,800,000 China5Haikou
90%
92,933 Nigeria25Wukari
90%
2,825,000 Nigeria7Abuja
90%
4,175,000 Morocco1Casablanca
89%
1,730,000 India11Bhubaneswar
89%
1,120,000 Kenya2Mombasa
89%
16,000,000 India1Kolkata
89%
5,200,000 Kenya2Nairobi
89%
20,003 Brazil21Posse
89%
7,888 Australia3Esperance
89%
82,859 Panama7David
89%
1,101 Australia7Ravensthorpe
89%
1,180,000 Pakistan8Quetta
89%
48,520 United States24Grand Island
89%
545,852 United States5Albuquerque
89%
178,338 Georgia27K'ut'aisi
89%
250,902 Tanzania10Morogoro
89%
482,576 Iraq13An Najaf al Ashraf
89%
5,300,000 Tanzania1Dar es Salaam
89%
31,107 Australia3Kalgoorlie
89%
148,540 Saudi Arabia18'Ar'ar
89%
26,872 Australia2Geraldton
89%
30,841 Pakistan21Kharan
89%
1,460,000 Panama5Panama City
89%
145,987 United States12Boise
89%
317,370 Russia22Vladikavkaz
89%
4,525,000 Bangladesh2Chittagong
89%
51,356 Mexico22Nuevo Casas Grandes
89%
2,800,000 Taiwan6Kaohsiung
89%
33,650 Australia2Albany
89%
2,075,000 AustraliaPerth
89%
24,518 Saint Vincent and the Grenadines9Kingstown
89%
212,237 United States22Birmingham
89%
2,375,000 Saudi Arabia6Dammam
89%
49,993 Iran20Tabas
89%
104,170 United States16Billings
89%
67,433 Trinidad and Tobago8Chaguanas
89%
5,917 Colombia20Mitu
89%
126,551 Colombia15Sogamoso
89%
11,899 Mexico16Santa Rosalia
89%
2,668 Australia6Merredin
89%
104,020 Côte d'Ivoire17Abengourou
89%
410,972 Venezuela5Maturin
89%
3,720 United Kingdom9Cockburn Town
89%
15,361 Kenya20Marsabit
89%
3,800,000 Colombia4Medellín
89%
17,600,000 Bangladesh1Dhaka
89%
111,820 Tanzania23Iringa
89%
4,822 Australia7Melville
89%
180,541 Tanzania17Dodoma
89%
497,959 Russia15Makhachkala
89%
2,025,000 Qatar6Doha
89%
63,420 Algeria22Ain Sefra
89%
195,227 Venezuela10Coro
88%
2,250,000 Brazil2Goiânia
88%
30,135 Russia22Kostomuksha
88%
250,000 Haiti7Port-de-Paix
88%
4,330 Australia15Berri
88%
16,000 United Arab Emirates12Ar Ruways
88%
297,568 Ukraine27Cherkasy
88%
29,087 United States24Gillette
88%
258,162 Mexico11Ciudad Obregon
88%
7,950,000 China5Shantou
88%
234,852 Somalia5Kismayo
88%
33,354 Russia23Segezha
88%
32,413 Saudi Arabia21Al 'Ula
88%
307,987 Algeria12Biskra
88%
24,733 United States22North Platte
88%
134,699 Algeria12El Oued
88%
18,430 Australia12Broken Hill
88%
9,350,000 ColombiaBogotá
88%
12,088 United States27Steamboat Springs
88%
363,064 Russia19Stavropol'
88%
1,160,000 Turkmenistan2Ashgabat
88%
370,000 China22Fenghuang
88%
129,402 Algeria13Ouargla
88%
10,000 United Arab Emirates13Muzayri`
88%
23,209 Australia11Mount Gambier
88%
45,771 Kenya15Wajir
88%
131,232 Iran14Iranshahr
88%
17,400 Finland22Kuusamo
88%
9,520 United States33Cody
88%
47,287 Iran13Chabahar
88%
226,183 Iran14Sabzevar
88%
10,000,000 China5Xiamen
88%
3,825,000 Brazil2Brasília
88%
634,332 Algeria7Tebessa
88%
242,344 Somalia11Berbera
87%
3,075,000 Iran1Mashhad
87%
55,316 United States14Casper
87%
195,764 Mexico23Monclova
87%
1,300,000 Australia1Adelaide
87%
88,419 Saudi Arabia14Al Bahah
87%
13,646 United States28Pierre
87%
42,997 Canada10Timmins
87%
1,340,000 Nicaragua5Managua
87%
252,279 Ethiopia15Dire Dawa
87%
158,292 Brazil10Barreiras
87%
10,615 United States29Riverton
87%
623,891 Djibouti8Djibouti
87%
23,036 United States20Rock Springs
87%
11,259 Eritrea24Edd
87%
61,096 Burkina Faso20Ouahigouya
87%
56,813 United States18Idaho Falls
87%
1,820,000 El Salvador5San Salvador
87%
32,460 Mali14Timbuktu
87%
26,370 Ethiopia29Dubti
87%
477,876 Somalia8Hargeisa
87%
424,795 Venezuela5Barcelona
87%
136,056 Ethiopia19Dese
87%
215,546 Ethiopia22Mekele
87%
54,474 Saudi Arabia15Ad Dawadimi
87%
517,780 China23Changde
87%
746,535 Venezuela3Ciudad Guayana
87%
2,125,000 Syria8Aleppo
87%
42,240 Somalia13Baardheere
87%
8,054 Mali21Douentza
87%
1,090,000 Honduras5Tegucigalpa
87%
9,259 United States25Rawlins
87%
121,119 Tanzania23Musoma
86%
18,800 Uganda29Kotido
86%
7,804 United States28Lamar
86%
17,100,000 NigeriaLagos
86%
24,097 Saudi Arabia14As Sulayyil
86%
542,043 Mexico3Cancun
86%
31,040 Vietnam22Kwang Binh
86%
97,500 Uganda23Mbarara
86%
45,551 Sweden18Lulea
86%
146,858 Uganda14Gulu
86%
70,628 Tanzania24Bukoba
86%
108,456 Mali14Mopti
86%
22,210 United Kingdom12Lerwick
86%
937,700 Jamaica3Kingston
86%
31,123 Canada10Val-d'Or
86%
1,110,000 Libya4Tripoli
86%
386,120 Libya6Misratah
86%
41,462 Canada7Grande Prairie
86%
168,899 Ethiopia16Bahir Dar
86%
752,493 Vietnam5Da Nang
86%
143,692 Canada7Saguenay
86%
555,865 Cuba4Santiago de Cuba
86%
101,768 Mexico21Hidalgo del Parral
86%
3,525,000 United States1Denver
86%
71,202 Brazil21Ijui
86%
134,412 Mexico12Chetumal
85%
4,450,000 China14Changsha
85%
106,153 Australia3Launceston
85%
144,786 Mali17Sikasso
85%
2,450,000 India6Coimbatore
85%
75,694 Pakistan15Turbat
85%
391,336 Saudi Arabia9Buraydah
85%
1,710,000 China18Hengyang
85%
37,806 Burkina Faso18Dori
85%
1,060,000 Morocco6Marrakesh
85%
7,000 Libya15Ghadamis
85%
650,629 Libya3Benghazi
85%
10,815 Tajikistan23Murghob
85%
95,052 Tanzania27Ushirombo
85%
30,512 Ethiopia26Asosa
85%
436,801 Tanzania7Mwanza
85%
30,764 Guatemala15San Benito
85%
3,700,000 Venezuela1Caracas
84%
4,675,000 Sri Lanka3Colombo
84%
1,470,000 Ukraine8Donetsk
84%
92,552 Mali19Segou
84%
417,767 Pakistan15Sukkur
84%
1,390,000 Ukraine7Dnipropetrovsk
84%
186,051 Sudan16Ad-Damazin
84%
1,470,000 New ZealandAuckland
84%
1,250,000 Venezuela4Barquisimeto
84%
1,090,000 Morocco4Agadir
84%
7,396 United States23Winnemucca
84%
19,640 Bolivia23San Borja
84%
108,420 Sri Lanka8Trincomalee
84%
98,229 Morocco7Guelmim
84%
36,076 Kenya18Mandera
84%
64,789 Brazil14Gurupi
84%
9,650 Republic of the Congo24Djambala
84%
154,265 Algeria18Djelfa
84%
1,640,000 India5Madurai
84%
784,153 India7Thiruvananthapuram
84%
169,102 Sri Lanka10Jaffna
84%
363,945 Sudan10Al Qadarif
84%
659,084 Republic of the Congo4Pointe-Noire
84%
10,414 Pakistan21Gilgit
84%
196,272 Brazil6Palmas
84%
32,758 Brazil18Porangatu
84%
224,838 Bolivia11Sucre
83%
20,714 Gabon18Lambarene
83%
87,000 Mali12Gao
83%
6,700,000 Saudi Arabia1Riyadh
83%
280,098 Peru12Tacna
83%
60,008 Angola15Uige
83%
1,980,000 India9Vishakhapatnam
83%
180,109 Democratic Republic of the Congo7Matadi
83%
4,389 Bolivia23San Ramon
83%
20,060 Democratic Republic of the Congo21Kasongo-Lunda
83%
595,811 Mexico7Hermosillo
83%
22,469 Gabon17Mouila
83%
41,759 Saudi Arabia18Rabigh
83%
84,259 Bolivia14Trinidad
83%
3,025,000 Uganda1Kampala
83%
6,800,000 Angola1Luanda
83%
14,429 Bolivia20Ascension
83%
383,100 Angola6N'dalatando
83%
159,269 Bolivia13Tarija
83%
186,991 Democratic Republic of the Congo9Kikwit
83%
207,645 Iran15Sirjan
83%
50,537 Pakistan22Zhob
83%
13,571 Gabon25Makokou
83%
27,961 Bolivia16Camiri
83%
419,146 India25Korba
83%
87,046 Angola13Malanje
83%
10,293 Bolivia19Uyuni
83%
8,410 United States34Miles City
83%
205,212 Mexico12Campeche
83%
10,600,000 Democratic Republic of the Congo1Kinshasa
83%
1,110,000 Honduras5San Pedro Sula
83%
3,113 Republic of the Congo28Sembe
83%
197,961 Mexico12Tapachula
83%
37,949 Brazil19Posto Fiscal Rolim de Moura
83%
118,721 China14Lhasa
82%
80,000 China15Rikaze
82%
114,347 New Zealand2Dunedin
82%
40,648 Saudi Arabia15Afif
82%
23,952 Republic of the Congo24Owando
82%
3,650,000 Dominican Republic2Santo Domingo
82%
152,912 Brazil11Rondonopolis
82%
214,601 Mexico11Los Mochis
82%
67,956 United States14Rapid City
82%
13,388 Afghanistan26Uruzgan
82%
2,150,000 United States2San Juan
82%
143,084 Chile12Calama
82%
387,553 Saudi Arabia11Khamis Mushait
82%
2,850,000 Haiti2Port-au-Prince
82%
258,573 Saudi Arabia10Najran
82%
245,675 Peru11Juliaca
82%
363,926 New Zealand1Christchurch
82%
461,513 China9Dadukou
82%
105,198 Saudi Arabia14Jizan
82%
2,875,000 China8Guiyang
82%
20,119 Pakistan20Bela
82%
42,967 Gabon17Franceville
82%
227,499 Chile10Iquique
82%
76,547 Brazil17Jatai
82%
52,398 Brazil16Barra do Garcas
82%
23,915 Republic of the Congo27Ouesso
82%
3,950,000 China5Kunming
82%
1,400,000 Myanmar6Mandalay
81%
45,966 Algeria10Tindouf
81%
47,700,000 ChinaGuangzhou
81%
75,900 Afghanistan20Maymana
81%
37,821 Yemen21Al Bayda'
81%
184,185 Democratic Republic of the Congo8Mbandaka
81%
1,860,000 Bolivia2Santa Cruz
81%
20,859 Republic of the Congo25Impfondo
81%
2,425,000 Pakistan6Hyderabad
81%
15,000 Democratic Republic of the Congo24Lukolela
81%
1,340,000 Saudi Arabia2Medina
81%
319,366 Uzbekistan14Samarqand
81%
679,400 Tajikistan8Dushanbe
81%
303,282 Afghanistan13Mazar-e Sharif
81%
925,000 Myanmar4Naypyidaw
81%
26,585 Bolivia22Cobija
81%
43,263 United States2Hilo
81%
38,966 Peru17Tambopata
81%
3,725,000 Afghanistan4Kabul
81%
26,337 United States2Kahului
81%
62,105 China23Jinghong
81%
5,500,000 United States1Atlanta
81%
135,308 Myanmar15Pyay
81%
161,902 Afghanistan18Kunduz
81%
665,915 China11Mudanjiang
81%
2,225,000 Guinea3Conakry
81%
59,920 Ethiopia21Debre Mark'os
81%
617,871 Yemen8Al Hudaydah
81%
550,602 Yemen7Aden
81%
1,890,000 Bolivia2La Paz
81%
74,014 Bolivia12Riberalta
81%
615,222 Yemen7Ta`izz
81%
1,200,000 Bolivia3Cochabamba
81%
247,644 Uzbekistan14Bukhara
81%
55,374 Mauritania15Kaedi
81%
1,900,000 Pakistan8Peshawar
81%
388,028 Guinea-Bissau4Bissau
80%
489,725 Sudan8Port Sudan
80%
529,176 Senegal4Touba
80%
40,281 Mauritania17Kiffa
80%
61,200 Somalia12Gaalkacyo
80%
450,000 China13Wenshan City
80%
216,656 Australia1Hobart
80%
257,642 Brazil4Rio Branco
80%
58,505 United States19Great Falls
80%
60,100 Somalia15Laascaanood
80%
1,000,000 United StatesHonolulu
80%
39,915 Mexico11Ciudad Constitucion
80%
33,853 Somalia18Ceerigaabo
79%
126,449 Tanzania20Songea
79%
3,250 United States34Glasgow
79%
2,008 Russia28Orlik
79%
34,369 Ethiopia23Goba
79%
20,261 Argentina21Anatuya
79%
18,297 United States26Elko
79%
53,003 Tanzania24Makumbako
79%
43,561 Afghanistan22Farah
79%
107,930 Sudan11Atbara
79%
37,315 Yemen17Ataq
79%
841,130 Peru2Arequipa
79%
352,173 Iran10Bandar 'Abbas
79%
354,692 Argentina11Santiago del Estero
79%
176,000 Senegal4Saint-Louis
79%
26,252 Mongolia15Bayanhongor
79%
74,287 Somalia11Bosaso
79%
183,166 Ecuador9Manta
79%
12,250 Russia23Zakamensk
79%
96,602 Tanzania16Mtwara
79%
3,000,000 Ecuador2Guayaquil
79%
291,649 Tanzania10Mbeya
79%
99,268 Iran17Bam
79%
3,976 United States6Valdez
79%
401,477 Sudan11Kassala
79%
1,319 Canada8Dawson City
79%
5,901 United States34Lewistown
79%
210,000 Kazakhstan15Kostanay
79%
1,820 Russia27Kungurtug
79%
122,155 India19Dibrugarh
79%
133,097 Ethiopia11Hawassa
79%
9,895 Mongolia20Choyr
79%
38,992 Laos25Xam Nua
79%
258,132 Yemen8Al Mukalla
79%
10,357 Argentina22Ingeniero Guillermo N. Juarez
78%
21,790 Sudan24Abu Jibeha
78%
404,158 India16Nellore
78%
24,300,000 PakistanKarachi
78%
3,475,000 EthiopiaAddis Ababa
78%
17,231 Cape Verde4Santa Maria
78%
267,462 Democratic Republic of the Congo6Tshikapa
78%
10,000,000 India2Chennai
78%
107,093 Democratic Republic of the Congo13Ilebo
78%
7,195 Russia25Ust'-Barguzin
78%
343,129 Russia11Kurgan
78%
10,500,000 India2Bangalore
78%
2,950,000 Vietnam5Hanoi
78%
19,443 Canada7Terrace
78%
27,690 Mongolia18Mörön
78%
8,048 Paraguay24Filadelfia
78%
6,971 Russia21Kachug
78%
42,366 Ethiopia25Gambela
78%
118,211 Democratic Republic of the Congo11Bandundu
78%
567,481 Côte d'Ivoire9Bouake
78%
570,407 Malaysia3Kuching
78%
113,364 Cape Verde2Praia
78%
1,200 Paraguay23Capitan Pablo Lagerenza
78%
1,180,000 Oman2Muscat
78%
4,249 Canada30Kindersley
78%
1,760,000 India12Vijayawada
78%
2,550,000 India15Bhilai
78%
72,279 Mozambique19Montepuez
78%
15,430 Mongolia20Mandalgovi
78%
25,622 Mongolia14Arvayheer
78%
9,526 Mongolia22Tosontsengel
78%
71,152 Oman7Sur
78%
502,533 Russia12Astrakhan'
78%
11,500 Mauritania14Akjoujt
78%
3,300,000 Senegal1Dakar
78%
1,060,000 Mauritania1Nouakchott
78%
108,737 Mozambique16Pemba
78%
72,337 Mauritania7Nouadhibou
78%
360,278 Russia4Ulan-Ude
77%
15,967 Afghanistan24Shahrak
77%
586,695 Russia3Irkutsk
77%
74,300 Mongolia6Darhan
77%
15,000 Indonesia8Sinabang
77%
160,765 South Sudan13Malakal
77%
79,647 Mongolia7Erdenet
77%
43,104 Kazakhstan22Dzhetygara
77%
81,879 Argentina20Presidencia Roque Sáenz Peña
77%
44,125 United States22Twin Falls
77%
27,924 Mongolia17Hovd
77%
163,759 Vietnam15Vinh
77%
5,000 Egypt15Abu Sunbul
77%
88,974 Indonesia10Lhokseumawe
77%
312,060 Argentina12Posadas
77%
4,452 Russia23Kyra
77%
308,500 Russia4Chita
77%
14,723 Mongolia21Undurkhaan
77%
87,666 Sudan12Kadugli
77%
69,622 Ethiopia15Arba Minch'
77%
90,894 Myanmar22Myitkyina
77%
235,150 Brazil4Boa Vista
77%
325,466 Peru6Piura
77%
31,809 Ethiopia27Gimbi
77%
33,479 Kazakhstan17Ayagoz
77%
3,000,000 Guatemala1Guatemala City
77%
1,150,000 China22Yichang
77%
176,183 Canada6Regina
76%
128,306 Ethiopia12Jima
76%
114,680 Turkmenistan15Mary
76%
332,714 Sudan10Wad Medani
76%
324,726 India17Brahmapur
76%
42,872 Comoros10Moroni
76%
3,460,000 China14Shiyan
76%
200,920 Kazakhstan12Petropavlov
76%
124,444 Kazakhstan14Kokshetau
76%
15,093 Mongolia22Dalandzadgad
76%
67,762 Russia23Ishim
76%
2,303 Iceland4Egilsstadir
76%
8,195 Kazakhstan23Qarqaraly
76%
48,308 Russia21Kuybyshev
76%
17,693 Iceland2Akureyri
76%
1,020,000 China19Wanzhou
76%
320,782 Paraguay14Ciudad del Este
76%
649,851 Russia16Krasnodar
76%
356,051 Russia5Arkhangel'sk
76%
345,068 Sudan9Kosti
76%
44,564 Russia18Kamen'-na-Obi
76%
4,885 France4Poindimie
76%
9,310 United States31Havre
76%
26,986 Russia23Tara
76%
19,997 Sudan21Al Mijlad
76%
132,654 China25Ankang
76%
179,529 Brazil16Passo Fundo
76%
10,375 France3We
76%
1,437 Vanuatu6Isangel
76%
198,958 Canada5Saskatoon
76%
387,158 Argentina10Resistencia
76%
25,150 Russia24Tatarsk
76%
2,624 Iceland4Isafjoerdur
75%
19,593 Sudan12Kuraymah
75%
6,650,000 China8Xi'an
75%
106,971 Russia24Elista
75%
118,918 IcelandReykjavik
75%
717 Guyana11Mabaruma
75%
15,805 Mongolia21Baruun-Urt
75%
44,802 Japan9Ishigaki
75%
329,002 Kazakhstan11Pavlodar
75%
391,190 Afghanistan11Kandahar
75%
10,979 Sudan18Umm Kaddadah
75%
34,781 Finland19Rovaniemi
75%
23 Mongolia22Choibalsan
75%
1,440,000 Mexico3Ciudad Juárez
75%
7,563 Canada11Chibougamau
75%
13,473 Sudan12Dongola
75%
108,008 Sudan11An Nuhud
75%
5,261 Kazakhstan22Qarauyl
75%
272,806 Afghanistan13Herat
75%
7,050,000 China5Chongqing
75%
1,300,000 Mexico8Torreón
75%
13,397 Vanuatu2Luganville
75%
27,191 United States11Eureka
75%
292,780 Kazakhstan11Semey
75%
19,891 Mongolia18Saynshand
74%
5,550,000 SudanKhartoum
74%
162,202 Brazil14Dourados
74%
1,294 Oman8Hayma'
74%
89,861 United States10Redding
74%
96,520 Brazil10Corumba
74%
1,230,000 Georgia7Tbilisi
74%
104,357 Kazakhstan10Zhezqazghan
74%
2,329 United States5Dillingham
74%
393,311 Sudan7El Obeid
74%
14,703 Canada24Swift Current
74%
26,562 Somalia12Ceeldheer
74%
31,535 United States1Fairbanks
74%
12,667 Brazil23Porto Murtinho
74%
6,080 United States4Bethel
74%
1,300,000 MongoliaUlaanbaatar
74%
37,280 United States19Bozeman
74%
129,839 Somalia7Baidoa
74%
55,410 Somalia14Beledweyne
74%
12,564 Somalia12Hobyo
74%
291,826 United StatesAnchorage
73%
13,807 Kazakhstan18Qarazhal
73%
6,130 United States3Kodiak
73%
81,364 Kazakhstan15Balkhash
73%
1,190,000 Japan3Naha
73%
1,040,000 China15Nanchong
73%
34,797 Kazakhstan20Atbasar
73%
729,151 Brazil7Campo Grande
73%
231,357 Cameroon16Ngaoundere
73%
5,340 Canada15Peace River
73%
437,620 Peru3Iquitos
73%
63,138 Canada15Medicine Hat
73%
4,543 Kazakhstan21Sayaq
73%
48,123 Paraguay16Concepcion
73%
3,071 Canada15La Ronge
73%
1,000,000 China18Baoji
73%
1,720,000 SomaliaMogadishu
73%
78,782 Libya10Darnah
73%
87,714 Russia23Buzuluk
72%
57,495 Brazil24Picos
72%
563,861 Nigeria10Sokoto
72%
76,000 Canada5Fort McMurray
72%
191,424 Niger17Zinder
72%
225,230 Brazil11Juazeiro do Norte
72%
28,000 Russia21Mirny
72%
26,091 United States21Aberdeen
72%
167,731 Russia23Volgodonsk
72%
147,443 Kazakhstan16Aktau
72%
7,661 Canada17Slave Lake
72%
22,744 Mexico27Manuel Ojinaga
72%
17,402 Canada9Fort St. John
72%
194,650 Brazil14Petrolina
72%
393,835 Cameroon17Bamenda
72%
1,480,000 Armenia5Yerevan
72%
2,200,000 ParaguayAsunción
72%
1,070,000 Mexico4Mérida
72%
436,899 Cameroon13Garoua
72%
51,203 Brazil18Serra Talhada
72%
49,945 Botswana10Maun
72%
213,365 China19Guangyuan
72%
92,575 Brazil18Patos
72%
85,350 Brazil20Paulo Afonso
72%
40,798 Cameroon25Banyo
72%
250,258 Nigeria19Gombe
72%
689,961 China17Zigong
72%
210,338 Vietnam10Qui Nhon
71%
61,272 United States13Bismarck
71%
551,980 Iran7Zahedan
71%
153,888 United States12Sioux Falls
71%
274,717 China12Kashi
71%
134,358 Libya8Ajdabiya
71%
26,234 Canada17Brandon
71%
1,110,000 Brazil4Maceió
71%
18,500 United Kingdom11Stornoway
71%
42,000 Kazakhstan19Arkalyk
71%
128,123 Libya8Sirte
71%
809,232 Mexico9Chihuahua
71%
20,100 United Kingdom12Kirkwall
71%
1,270,000 Canada1Edmonton
71%
1,560,000 China21Xiangyang
71%
359,111 Canada2Halifax
71%
38,424 Russia16Dal'negorsk
71%
40,888 United States15Minot
71%
432,456 Uzbekistan11Namangan
71%
27,590 Libya7Waddan
71%
97,360 Kazakhstan16Turkestan
71%
9,600,000 China2Chengdu
71%
358,153 Kazakhstan10Taraz
71%
54,831 France14Mamoudzou
70%
17,186 East Timor7Lospalos
70%
21,290 Madagascar13Antsohihy
70%
5,050,000 Côte d'Ivoire2Abidjan
70%
3,925,000 United Arab Emirates2Dubai
70%
105,549 United States12Fargo
70%
150,000 East Timor6Dili
70%
16,000 Madagascar18Maintirano
70%
39,879 Madagascar14Mahanoro
70%
582,469 Mexico8Culiacan
70%
40,382 South Sudan21Yambio
70%
24,516 Democratic Republic of the Congo24Watsa
70%
29,795 Venezuela8Santa Elena de Uairén
70%
345,604 Kazakhstan7Astana
70%
354,717 Mexico13Mazatlan
70%
10,688 India10Kavaratti
70%
52,300 Kyrgyzstan15Naryn
70%
457,140 Mexico14Durango
70%
283,441 Vietnam7Nha Trang
70%
1,247 Kazakhstan21Shubarkol
70%
3,775,000 Brazil2Recife
70%
900,000 Kyrgyzstan3Bishkek
70%
146,073 Zimbabwe14Gweru
70%
3,065 Zambia27Luangwa
70%
125,817 Nigeria19Gashua
70%
96,764 Democratic Republic of the Congo19Bunia
69%
154,657 Madagascar6Mahajanga
69%
19,296 Zambia26Petauke
69%
27,000 Madagascar10Vohipaho
69%
1,330,000 China5Xining
69%
1,770,000 Kazakhstan2Almaty
69%
127,076 Democratic Republic of the Congo13Isiro
69%
25,961 Madagascar10Ankazoabo
69%
129,316 Mozambique18Tete
69%
51,519 Madagascar12Amparafaravola
69%
129,062 Australia1Darwin
69%
55,585 Uganda20Arua
69%
167,227 Madagascar4Fianarantsoa
69%
80,425 Niger16Tahoua
69%
41,209 Madagascar11Mananara
69%
34,112 Madagascar9Antalaha
69%
1,060,000 Nigeria5Maiduguri
69%
66,818 Madagascar5Ambovombe
69%
631,038 Russia13Izhevsk
69%
115,319 Madagascar3Toliara
69%
100,676 Russia18Glazov
69%
36,803 Madagascar14Morondava
69%
451,800 Kazakhstan5Karagandy
69%
52,933 Brazil20Crateus
69%
256,936 Mozambique9Chimoio
69%
206,373 Madagascar4Toamasina
69%
1,280,000 Russia9Rostov
69%
2,225,000 MadagascarAntananarivo
69%
2,850,000 China5Lanzhou
69%
432,149 Nigeria11Katsina
68%
4,366 Canada16Red Lake
68%
743,307 China7Hegang
68%
360,106 Burkina Faso9Bobo-Dioulasso
68%
5,651 Botswana20Shakawe
68%
584,877 Malawi5Blantyre
68%
76,146 Russia12Birobidzhan
68%
1,281 Yemen18At Tahalif
68%
436,444 China10Bei'an
68%
1,070,000 Malawi4Lilongwe
68%
413,351 Russia13Magnitogorsk
68%
1,109 Russia15Svetlaya
68%
457,383 Russia11Kirov
68%
400,914 Zambia6Kitwe
68%
550,204 Russia10Orenburg
68%
28,445 Zambia22Mpika
68%
154,621 Democratic Republic of the Congo16Butembo
68%
8,195 Canada18Dryden
68%
579,000 Russia5Khabarovsk
67%
9,934 Botswana18Ghanzi
67%
1,370,000 Brazil3Natal
67%
109,203 Zambia8Livingstone
67%
3,012 Brazil6Fernando de Noronha (Distrito Estadual)
67%
10,970 Angola16Uacu Cungo
67%
2,930 Kazakhstan21Dostyq
67%
130,000 Libya4Sabha
67%
1,100,000 Russia7Perm
67%
14,212 Zambia22Kaoma
67%
490,175 Brazil5Aracaju
67%
30,300 Angola13Caluquembe
67%
16,321 Namibia16Gobabis
67%
189,047 Brazil4Santarem
67%
25,027 Namibia15Katima Mulilo
67%
68,105 China13Kuche
67%
2,725,000 Cameroon4Yaoundé
67%
202,005 Brazil10Mossoro
67%
1,120,000 Russia6Ufa
67%
340,020 China7Yingbazha
67%
80,149 Angola5Namibe
66%
1,600,000 Russia4Yekaterinburg
66%
167,748 Russia15Berezniki
66%
207,932 Angola4Lobito
66%
3,650,000 Brazil1Salvador
66%
2,475,000 YemenSana'a
66%
3,914 Mexico27Hercules
66%
519,119 Russia9Tyumen
66%
2,650,000 Uzbekistan1Tashkent
66%
102,541 Angola7Lubango
66%
3,575,000 Brazil1Fortaleza
66%
226,145 Angola3Huambo
66%
26,782 South Sudan24Bor
66%
2,275,000 Zambia2Lusaka
66%
5,277 Kazakhstan20Torghay
66%
1,320,000 Russia6Samara
65%
7,353 Brazil15Barcelos
65%
5,101 Namibia14Opuwo
65%
1,402 Brazil16Jacareacanga
65%
530,604 Mozambique6Beira
65%
24,099 Namibia13Grootfontein
65%
16,060 Brazil12Fonte Boa
65%
4,142 Brazil17Santa Isabel do Rio Negro
65%
15,608 Namibia14Keetmanshoop
65%
6,055 Canada16The Pas
65%
64,756 Brazil8Itaituba
65%
33,618 Namibia11Oshakati
65%
44,942 Brazil7Tefe
65%
2,325,000 Zimbabwe1Harare
65%
21,224 Namibia13Otjiwarongo
65%
50,490 Brazil8Coari
65%
6,320 Brazil23Canutama
65%
64,937 Brazil8Itacoatiara
65%
31,206 Brazil15Humaita
65%
64,428 Brazil9Parintins
65%
13,380 Namibia14Mariental
65%
12,021 Namibia14Khorixas
65%
26,983 Brazil15Aripuana
65%
14,055 Brazil15Manicore
65%
98,511 Barbados7Bridgetown
65%
2,075,000 BrazilManaus
65%
15,137 Namibia11Luderitz
65%
164,268 Tanzania18Kigoma
65%
58,172 Namibia9Rundu
65%
135,167 Chad14Moundou
64%
93,423 Algeria14Ghardaia
64%
268,132 NamibiaWindhoek
64%
14,716 United States26Williston
64%
50,601 United States4Christiansted
64%
2,100,000 Burkina Faso3Ouagadougou
64%
30,870 Gabon21Oyem
64%
52,058 Namibia2Walvis Bay
64%
218,111 Cameroon15Bertoua
64%
17,787 United States25Dickinson
64%
91,056 Zambia21Kasama
64%
113,800 Russia16Tobol'sk
64%
40,201 Central African Republic28Bozoum
64%
128,626 Russia23Kamyshin
64%
53,300 São Tomé and Príncipe9Sao Tome
64%
19,569 Brazil29Sao Raimundo Nonato
63%
632,063 Canada1Winnipeg
63%
14,000 Central African Republic28Zemio
63%
4,514 Canada17Fort Nelson
63%
123,173 Brazil10Porto Seguro
63%
5,205 Russia25Ust'-Kulom
63%
61,550 France3Cayenne
63%
98,438 Russia20Serov
63%
253,137 Brazil9Vitória da Conquista
63%
9,398 Australia8Emerald
63%
82,509 China15Shache
63%
39,878 Russia23Uray
63%
2,950,000 Mali2Bamako
62%
8,418 Canada18Dauphin
62%
1,400,000 Russia3Chelyabinsk
62%
9,110 Mali19Menaka
62%
235,017 Guyana4Georgetown
62%
3,621 Canada12High Level
62%
200,000 Kazakhstan15Oral
62%
4,055 Australia6Roxby Downs
62%
300,000 South Sudan3Juba
62%
15,669 Canada17Yorkton
62%
19,645 Australia7Whyalla
62%
4,125,000 Nigeria1Kano
62%
11,643 Mali14Kidal
62%
331,700 Burundi5Bujumbura
62%
27,876 Russia17Kolpashevo
62%
2,830 Australia7Weipa
62%
93,697 China12Baijiantan
62%
61,724 Australia4Rockhampton
62%
13,044 Australia8Port Lincoln
62%
2,364 Canada11Fort Smith
62%
1,586 Australia7Ceduna
62%
200,161 Saudi Arabia8Yanbu` al Bahr
62%
5,496 Australia11Roma
61%
223,757 Suriname2Paramaribo
61%
8,572 Russia19Kargasok
61%
1,000,000 Rwanda2Kigali
61%
3,061 Russia22Kedrovyy
61%
1,870,000 Democratic Republic of the Congo3Lubumbashi
61%
18,847 Papua New Guinea9Kimbe
61%
10,025 Papua New Guinea7Alotau
61%
5,732 Russia24Kosh-Agach
61%
196,982 Iran17Birjand
61%
42,277 Zambia19Mansa
61%
70,826 Australia5Bundaberg
60%
56,520 Central African Republic17Kaga Bandoro
60%
61,815 Central African Republic20Berberati
60%
1,547 Canada12Watson Lake
60%
8,050 United States8Ketchikan
60%
200,000 Kazakhstan9Taldyqorghan
60%
11,764 Central African Republic23Ndele
60%
70,171 Kyrgyzstan14Karakol
60%
1,410,000 Brazil3São Luís
60%
2,948 United States9Petersburg
60%
1,120,000 Niger5Niamey
60%
102,528 Chad13Sagh
59%
173,046 Equatorial Guinea11Bata
59%
23,272 Canada1Whitehorse
59%
218,427 China13Wuhai
59%
12,593 Russia22Ak-Dovurak
59%
8,881 United States4Sitka
59%
30,878 Russia23Yugorsk
59%
5,679 Australia5Kununurra
59%
33,623 Papua New Guinea7Mount Hagen
59%
2,246 Papua New Guinea12Morehead
59%
89,161 Tanzania25Sumbawanga
59%
28,198 Papua New Guinea8Popondetta
59%
246,836 Russia12Orsk
59%
15,214 Papua New Guinea7Daru
59%
1,351 Australia7Port Keats
59%
11,536 Papua New Guinea8Kiunga
59%
89,995 France8Fort-de-France
59%
2,610 Australia10Thursday Island
59%
1,530,000 China9Yinchuan
59%
1,209 Australia7Halls Creek
59%
31,275 United States2Juneau
59%
101,002 Philippines11Jolo
59%
12,635 Mauritania20'Ayoun el 'Atrous
59%
27,419 Papua New Guinea10Madang
59%
23,693 Zambia25Nchelenge
59%
3,765 China17Saga
58%
48,901 Brazil21Barra do Corda
58%
3,202 Australia5Nhulunbuy
58%
599,579 Russia8Barnaul
58%
493,092 China6Wuwei
58%
13,798 Zambia20Mwinilunga
58%
9,500 Maldives6Kulhudhuffushi
58%
1,340,000 Liberia1Monrovia
58%
76,255 Papua New Guinea1Lae
58%
1,289 Australia7Alyangula
58%
76,337 Brazil14Tucurui
58%
578,156 Gabon5Libreville
58%
68,056 Brazil19Balsas
58%
485,519 Russia10Tomsk
58%
1,650,000 Russia2Novosibirsk
58%
105,019 Brazil13Araguaina
58%
5,849 Australia4Katherine
58%
7,574 Zambia22Kalengwa
58%
28,400 Mongolia17OElgiy
58%
67,800 Russia17Khanty-Mansiysk
58%
7,074 Zambia20Zambezi
58%
14,245 Kazakhstan15Beyneu
58%
109,163 Gabon6Port-Gentil
58%
52,534 Zambia10Mongu
57%
478,676 South Africa5East London
57%
218,106 Brazil7Imperatriz
57%
15,800 Mongolia19Altai
57%
100,000 China19Kangding
57%
283,733 Papua New GuineaPort Moresby
57%
480 France7Sigave
57%
30,500 Mongolia15Khovd
57%
418,000 Democratic Republic of the Congo5Kolwezi
57%
70,000 Kazakhstan13Baykonyr
57%
145,860 Brazil9Maraba
57%
577,514 Iran7Kerman
57%
2,077 Maldives3Vilufushi
57%
103,693 Maldives1Male
57%
11,140 Maldives1Fuvahmulah
57%
188,724 Indonesia6Labuhanbajo
56%
77,205 Indonesia7Ende
56%
13,200 Denmark8Torshavn
56%
126,787 China19Xichang
56%
52,137 Russia20Nyagan
56%
300,000 Kazakhstan6Kyzylorda
56%
48,587 Brazil23Floriano
56%
9,882 Bolivia22Robore
56%
1,180,000 Russia2Omsk
56%
1,410,000 Russia7Volgograd
56%
73,338 Tanzania28Mpanda
55%
319,941 Cameroon11Maroua
55%
16,477 Brazil18Sao Felix do Xingu
55%
86,280 China10Qamdo
55%
12,887 Central African Republic27Obo
55%
73,268 Mozambique18Cuamba
55%
23,569 Bolivia18San Ignacio de Velasco
55%
1,210,000 Chad3N'Djamena
55%
12,467 Canada7Thompson
55%
109,839 Mozambique20Lichinga
55%
1,320 Canada7Pangnirtung
55%
1,137,600 China7Lijiang
55%
6,000 Mauritania15Tidjikja
54%
14,798 DenmarkNuuk
54%
5,227 Denmark3Sisimiut
54%
1,299 Denmark7Uummannaq
54%
1,829 Denmark7Tasiilaq
54%
230,139 Russia7Syktyvkar
54%
59,180 Russia17Kotlas
54%
1,862 Denmark5Paamiut
54%
4,433 Equatorial Guinea8Pale
54%
5,434 Central African Republic26Ouadda
54%
3,224 Denmark4Qaqortoq
54%
60,000 Mauritania12Nema
54%
24,361 Central African Republic22Bangassou
54%
50,130 Democratic Republic of the Congo19Buta
54%
63,626 Brazil21Irece
54%
188,964 Mozambique11Quelimane
54%
4,413 Denmark3Ilulissat
54%
2,866 Denmark6Maniitsoq
54%
6,213 Kazakhstan21Miyaly
53%
117,634 Russia11Achinsk
53%
69,613 Brazil14Paragominas
53%
46,473 Brazil14Breves
53%
27,072 Kazakhstan22Shalkar
53%
65,945 Russia12Lesosibirsk
53%
121,989 Iran16Zabol
53%
29,027 Central African Republic20Bria
53%
167,289 Russia12Abakan
53%
18,154 Sweden17Kiruna
52%
139,341 China11Altay
52%
135,698 Democratic Republic of the Congo17Kindu
52%
68,244 Democratic Republic of the Congo17Lodja
52%
195,006 Indonesia9Kendari
52%
22,400 Tonga1Nuku'alofa
52%
250,757 Indonesia3Banda Aceh
52%
157,996 Brazil10Sobral
52%
2,150,000 Brazil1Belém
52%
539,616 Russia8Novokuznetsk
52%
477,090 Russia8Kemerovo
52%
43,068 Democratic Republic of the Congo19Lubao
51%
29,740 Russia11Sovetskaya Gavan'
51%
179,465 China7Sayibage
51%
50,493 Democratic Republic of the Congo16Gbadolite
51%
16,677 Russia11Poronaysk
51%
134,040 China17Dali
51%
32,091 Democratic Republic of the Congo21Boende
51%
137,072 China7Hami
51%
41,556 Japan8Wakkanai
51%
32,547 Central African Republic20Bambari
51%
34,267 Central African Republic23Sibut
51%
254,900 China4Laochenglu
51%
43,709 Democratic Republic of the Congo21Basoko
51%
781,023 Argentina4San Miguel de Tucuman
51%
95,520 Democratic Republic of the Congo10Bumba
51%
124,324 Niger9Agadez
51%
20,464 Brazil14Almeirim
51%
282,396 Indonesia4Kupang
51%
32,083 South Sudan22Rumbek
51%
10,486 South Sudan27Leer
51%
183,612 Japan5Kushiro
50%
18,031 Chad13Mao
50%
131,016 Myanmar22Lashio
50%
1,010,000 Brazil2Teresina
50%
319,067 Kazakhstan10Ust-Kamenogorsk
50%
27,763 Chad17Mongo
50%
55,118 Democratic Republic of the Congo21Kasongo
50%
1,000 Chad22Goz Beida
50%
176,484 Russia4Yuzhno-Sakhalinsk
50%
70,888 Brazil12Altamira
50%
51,330 Russia15Tulun
50%
117,639 Democratic Republic of the Congo8Gemena
50%
1,090,000 Russia2Krasnoyarsk
50%
28,885 Chad17Am Timan
50%
138,008 Brazil10Parnaiba
50%
309,832 Chile9Antofagasta
50%
1,719 Japan6Kuril'sk
49%
16,240 Mongolia17Uliastay
49%
2,500,000 Japan1Sapporo
49%
13,254 Kazakhstan22Inderbor
49%
127,384 South Sudan10Wau
49%
175,345 Malawi17Mzuzu
49%
148,139 Indonesia13Palangkaraya
49%
61,186 Russia11Apatity
49%
77,366 FijiSuva
49%
316,970 China19Baicheng
49%
27,949 Fiji1Lambasa
49%
12,077 Norway12Alta
49%
338,936 Brazil3Macapa
49%
47,287 New Zealand2Invercargill
48%
63,058 France6Les Abymes
48%
3,625,000 ChinaÜrümqi
48%
119,868 Mozambique9Maxixe
48%
74,188 Chad5Abeche
48%
59,127 Spain10Arrecife
48%
196,331 Morocco5El Aaiún
48%
180,000 Kazakhstan14Atyrau
48%
572,837 Indonesia8Banjarmasin
48%
1,500,000 Indonesia3Denpasar
47%
600,000 Indonesia5Situbondo
47%
52,654 Indonesia8Sumbawa Besar
47%
22,881 SeychellesVictoria
47%
51,216 Kazakhstan15Qulsary
47%
1,200 France5Mata-Utu
47%
52,436 Norway9Tromso
47%
880 AustraliaKingston
47%
539,158 Democratic Republic of the Congo2Kisangani
47%
1,560,000 China5Daqing
47%
1,060,000 Central African RepublicBangui
47%
23,745 Russia19Raychikhinsk
46%
38,000 Mauritania12Zouerat
46%
114,000 China9Hotan
46%
221,296 Russia11Blagoveshchensk
46%
211,066 China11Hailar
46%
205,660 Brazil10Itabuna
46%
42,056 Morocco10Smara
46%
4,075,000 Brazil1Porto Alegre
46%
5,150,000 China2Harbin
46%
538 United KingdomGeorgetown
46%
4,225,000 Saudi ArabiaJeddah
46%
624 New Zealand4Alofi
45%
3,201 United States7Kotzebue
45%
815 Tonga7Hihifo
45%
75,000 Morocco7Dakhla
45%
4,320 Tonga3Neiafu
45%
135,760 China11Jagdaqi
45%
4,746 Russia15Ostrovnoy
45%
73,631 China13Genhe
44%
4,627 Canada14Marathon
43%
74,624 Mozambique15Antonio Enes
43%
1,942 Australia6Coober Pedy
42%
25,186 Australia1Alice Springs
42%
524 New Zealand2Atafu Village
42%
137,195 France2Saint-Denis
42%
37 United States4Taulaga
42%
63 Mauritius3Cargados Carajos
42%
4,813 Russia19Leshukonskoye
42%
22,785 Australia1Mount Isa
42%
3,889 Australia4Tennant Creek
42%
101,502 Russia12Kansk
42%
155,226 Mauritius1Port Louis
42%
60,874 China12Tahe
42%
40,407 SamoaApia
42%
262,457 Kazakhstan9Aqtobe
42%
319,263 Russia1Murmansk
41%
40,266 Papua New Guinea2Arawa
41%
230,006 Uzbekistan7Nukus
41%
6,154 Solomon Islands4Gizo
41%
2,700 Solomon Islands3Buala
41%
34,073 Norway12Bodo
41%
26,518 Philippines14Bongao
40%
56,298 Solomon Islands1Honiara
40%
3,402 United States4Nuiqsut
40%
256,600 Russia4Bratsk
40%
6,000 Mauritius1Port Mathurin
40%
108,240 Russia12Kyzyl
40%
70,611 Cape Verde1Mindelo
39%
457,623 Philippines7Zamboanga
39%
10,983 Australia8Bowen
39%
300,367 Russia3Surgut
39%
100,271 Russia6Ust'-Ilimsk
39%
244,937 Russia3Nizhnevartovsk
39%
28,085 Mongolia16Ulaangom
39%
10,313 Canada7Labrador City
39%
10,000 Australia8Moranbah
39%
388,526 Mozambique4Nampula
38%
12,666 Brazil26Bom Jesus
38%
112,050 India7Port Blair
38%
102,187 Russia11Ukhta
38%
445,103 Philippines4Cagayan de Oro
38%
24,021 Mauritania14Atar
37%
100,847 Portugal4Funchal
37%
1,340,000 Philippines1Davao
37%
25,800 Russia13Severobaikalsk
37%
8,000 Argentina8El Calafate
37%
13,308 Russia15Kirensk
37%
4,676 Russia21Bagdarin
37%
6,143 Argentina10San Julian
37%
48,202 Russia8Ust'-Kut
37%
1,027 Canada7Norman Wells
37%
85,700 Argentina4Rio Gallegos
36%
49,237 Algeria11Timimoun
36%
20,000 Chile6Puerto Natales
36%
1,200 Marshall Islands7Jabor
36%
814 Marshall Islands9Namdrik
36%
1,834 Kiribati3Makin Village
36%
40,311 Kiribati1Tarawa
36%
25,400 Marshall Islands2Majuro
36%
224,795 Mozambique6Nacala
36%
74,219 Australia4Mackay
36%
1,122 Solomon Islands4Kirakira
35%
512,686 Argentina5Salta
35%
35,901 Vanuatu1Port Vila
35%
153,075 Australia1Cairns
35%
1,780,000 Indonesia1Makassar
35%
196,219 Australia1Townsville
35%
3,400 Canada9Hay River
35%
553 Solomon Islands5Lata
35%
58,028 Argentina2Ushuaia
35%
381,847 Spain2Las Palmas de Gran Canaria
34%
2,985 Russia24Saranpaul'
34%
13,693 Russia18Vuktyl
33%
30,000 China7Nagqu
33%
1,230 Russia12Solnechnyy
33%
1,171 Vanuatu4Sola
33%
26,273 Papua New Guinea6Kokopo
33%
5,000 Russia11Nezhdaninskoe
33%
14,490 Papua New Guinea6Kavieng
33%
1,302 Canada2Kugluktuk
32%
15,865 Canada1Yellowknife
32%
9,148 Russia5Ust-Nera
32%
3,022 Canada2Inuvik
31%
6,352 Bolivia20San Matias
31%
27,115 Brazil17Conceição do Araguaia
31%
258 Tuvalu2Toga Village
30%
5,948 Russia13Berdigestyakh
30%
2,536 Russia7Provideniya
30%
14,427 Brazil23Boca do Acre
30%
3,588 Argentina14Perito Moreno
30%
3,062 Russia8Ust-Maya
30%
3,237 Russia14Zhigansk
30%
63,231 Brazil11Vilhena
30%
8,813 Russia14Olyokminsk
30%
4,633 Russia12Sangar
30%
408 Tuvalu2Tanrake Village
30%
9,948 Russia8Vilyuysk
30%
4,492 TuvaluFunafuti
30%
4,266 Russia12Batagay
30%
1,450 Russia8Lorino
30%
24,426 Russia8Aldan
30%
2,867 Chile14Cochrane
30%
9,972 Russia9Nyurba
30%
2,248 Russia8Egvekinot
30%
1,666 Russia14Batagay-Alyta
30%
47,778 Indonesia9Luwuk
29%
282,431 Indonesia8Palu
29%
112 Marshall Islands9Jabat
29%
66,320 Russia6Neryungri
29%
2,381 Nauru1Arijejen
29%
4,026 Mali12Araouane
29%
160 Marshall Islands8Wotho
29%
144,195 Indonesia10Gorontalo
29%
29,381 Brazil14Pontes e Lacerda
29%
6,564 Russia15Severo-Yeniseyskiy
29%
15,000 Marshall Islands2Ebaye
28%
880 Marshall Islands6Wotje
28%
41,365 Japan6Naze
28%
448 Marshall Islands6Ujae
28%
16,526 Brazil17Tarauaca
28%
19 Marshall Islands8Rongelap
28%
235,600 RussiaYakutsk
28%
271 United KingdomEdinburgh of the Seven Seas
27%
10,237 Argentina9Puerto Deseado
27%
2,300 Russia17Podkamennaya Tunguska
27%
6,610 Libya13Awjilah
26%
700,000 Indonesia2Balikpapan
26%
101,731 Indonesia5Ternate
26%
3,598 United States5Nome
26%
1,093 United States6Hooper Bay
26%
3,019 Mali5Taoudenni
26%
451,893 Indonesia4Manado
26%
16,966 Argentina15San Antonio Oeste
25%
5,100 Russia19Ust-Tsilma
25%
18,465 Angola20Luau
25%
73,557 Democratic Republic of the Congo17Kamina
25%
18,904 Somalia12Eyl
24%
13,753 Somalia13Bandarbeyla
24%
1,896 United KingdomSaint George's
24%
3,700 South Sudan29Raga
24%
5,785 Argentina16Ingeniero Jacobacci
24%
1,993 Russia10Tigil'
24%
3,090 Russia20Vanavara
24%
117,430 Chile1Punta Arenas
24%
4,673 Kazakhstan20Yrghyz
24%
82,937 Madagascar5Antsiranana
24%
2,420 Russia9Ossora
24%
3,671 Russia9Palana
24%
151,617 Malaysia10Bintulu
24%
30,215 Brazil17Coxim
24%
18,041 Russia7Nar'yan-Mar
24%
96,228 China7Zhangye
23%
306,462 Malaysia8Tawau
23%
228,212 Malaysia9Miri
23%
5,138 Australia6Newman
23%
122,396 China7Jiayuguan
23%
1,079 Argentina15Camarones
23%
4,212 United States2Barrow
23%
10,000 Russia2Klyuchi
23%
15,670 Russia11Kodinsk
23%
2,723 Australia7Tom Price
23%
3,748 Russia13Baykit
22%
95,394 Argentina8San Carlos de Bariloche
22%
3,199 Australia3Derby
22%
160,054 Chile7Puerto Montt
22%
28,486 Argentina10Esquel
22%
198,239 Malaysia9Sibu
22%
93,442 Argentina7Trelew
22%
5,862 Brazil21Jutai
22%
392,288 Malaysia5Sandakan
21%
3,455 Russia13Seymchan
21%
12,766 Australia2Broome
21%
18,059 Brazil18Carauari
21%
17,175 Brazil15Eirunepe
21%
11,728 Australia3Karratha
21%
15,044 Australia2Port Hedland
21%
5,570 Russia8Okhotsk
21%
45,787 Chile6Coihaique
21%
48,940 Argentina11Viedma
21%
2,213 United Kingdom2Stanley
21%
7,367 Russia5Susuman
21%
10,359 Russia16Taksimo
21%
521,934 Brazil2Cuiaba
20%
2,024 Russia11Evensk
20%
3,627 Russia14Zyryanka
20%
15,360 Russia16Nerchinsk
20%
94,212 Russia7Novyy Urengoy
20%
1,305 Russia20Chumikan
20%
1,745 Russia14Mys-Kamennyy
20%
4,201 Russia10Omsukchan
20%
5,981 Russia13Tazovskiy
20%
1,860,000 Democratic Republic of the Congo1Mbuji-Mayi
20%
10,178 Central African Republic21Birao
20%
2,615 Russia3Ozernovskiy
19%
1,017 Canada6Clyde River
19%
1,113 Russia5Dikson
19%
29,666 Colombia10Leticia
19%
4,774 Russia9Turukhansk
19%
7,470 Russia8Igarka
19%
58,096 Brazil12Ariquemes
19%
4,365 Russia20Novaya Chara
19%
107,697 Brazil7Ji Parana
19%
11,763 Brazil16Sao Paulo de Olivenca
19%
140,850 Argentina4Comodoro Rivadavia
19%
14,855 Russia15Chegdomyn
18%
27,152 Russia8Nikolayevsk-on-Amur
18%
15,933 Russia15Bodaybo
18%
187,282 RussiaPetropavlovsk-Kamchatsky
18%
457,326 Malaysia3Kota Kinabalu
18%
95,282 RussiaMagadan
18%
12,024 Russia10Aleksandrovsk-Sakhalinskiy
18%
976 United States4Sand Point
18%
40,498 Angola13Saurimo
18%
21,115 Angola20Luena
18%
20,115 Angola19Lucapa
18%
5,806 Papua New Guinea8Lorengau
18%
1,177 Russia19Ekimchan
18%
6,124 CanadaIqaluit
17%
18,230 Papua New Guinea6Wewak
17%
12,647 Russia17Mogocha
17%
140,800 Russia1Noril'sk
17%
275,908 Russia4Komsomolsk-on-Amur
17%
252,609 Sudan4El Fasher
17%
46 United Kingdom1Adamstown
17%
107,828 China11Jalai Nur
17%
2,060 NorwayLongyearbyen
17%
7,572 Canada6Happy Valley-Goose Bay
17%
44 Palau7Tobi Village
17%
3,205 Russia3Khatanga
17%
4,885 Russia17Yar-Sale
16%
5,757 Russia5Bilibino
16%
4,837 Russia4Pevek
16%
20,087 Russia18Beloyarskiy
16%
215 Federated States of Micronesia3Fais
16%
306,180 Brazil1Porto Velho
16%
93,060 FranceNoumea
16%
355,596 Indonesia2Ambon
16%
3,209 Russia22Muzhi
16%
2,019 Russia17Yerbogachen
15%
30 Palau5Sonsorol Village
15%
116,013 Brazil5Sinop
15%
4,556 Russia17Peleduy
15%
10,332 Russia1Anadyr
15%
1,044 France2Moerai
15%
7,392 Australia5Carnarvon
15%
2,265 Russia10Olenyok
15%
637 United KingdomJamestown
15%
29,851 FranceFaaa
15%
38,025 Russia12Salekhard
15%
1,861 Russia4Beringovskiy
15%
4,927 France1Vaitape
15%
46,339 Russia11Nadym
15%
23,694 Russia8Lensk
14%
10,948 Yemen5Al Ghayzah
14%
53,190 Indonesia4Manokwari
14%
8,545 Yemen6Hadibu
14%
48,220 United States1Saipan
14%
43,898 Indonesia4Nabire
14%
4,537 Indonesia5Biak
14%
2,506 Russia9Chokurdakh
14%
2,383 Russia13Belaya Gora
14%
1,286 Russia11Ayan
14%
39,502 Indonesia4Tual
14%
125,535 Indonesia2Sorong
14%
46,113 Russia11Pechora
14%
44,943 United States1Dededo Village
14%
1,100 Chad13Iriba
14%
6,629 Algeria6Illizi
14%
73,128 Algeria2Tamanrasset
14%
49,223 Algeria7In Salah
14%
1,517 Russia8Ust-Kuyga
14%
3,484 Russia8Deputatsky
14%
12,045 Portugal1Angra do Heroismo
13%
163,140 Oman1Salalah
13%
1,920 Russia5Saskylakh
13%
14,000 Palau1Koror State
13%
26,999 Russia14Zeya
13%
5,444 Russia9Tura
13%
20,056 Portugal1Ponta Delgada
13%
2,291 Niger6Bilma
13%
80,039 Russia6Vorkuta
13%
1,880 Chad5Aozou
13%
32,203 Angola15Menongue
13%
4,376 United StatesDutch Harbor
13%
7,371 Federated States of Micronesia1Colonia
13%
110,000 Russia6Noyabrsk
13%
4,000 ChileHanga Roa
13%
13,400 Chad5Faya-Largeau
13%
5,700 Russia3Tiksi
13%
37,335 Russia9Tynda
12%
6,074 Federated States of Micronesia2Kolonia
12%
134,895 IndonesiaJayapura
12%
24,347 Libya2Ghat
12%
1,258 United StatesMcMurdo Station
12%
43,903 Algeria6Adrar
12%
45 FrancePort-aux-Francais
12%
26,560 Russia6Okha
12%
23,786 Chad6Fada
12%
15,267 Russia4Aykhal
12%
1,129 Denmark4Upernavik
11%
15,231 Brazil8Sao Gabriel da Cachoeira
11%
2,334 CanadaRankin Inlet
11%
3,707 Russia7Cherskiy
11%
1,109 Canada1Gjoa Haven
11%
40,308 Russia1Mirny
11%
13,373 New ZealandAvarua
11%
264,734 Sudan5El Daein
11%
3,459 Russia12Srednekolymsk
11%
13,856 Federated States of MicronesiaWeno
11%
2 United KingdomGrytviken
11%
8,996 EcuadorPuerto Ayora
10%
14 Norway2Olonkinbyen
10%
1,968 Russia6Tilichiki
10%
300 New ZealandWaitangi
10%
162,981 Sudan4Geneina
10%
120 AustraliaWest Island
10%
46,050 Libya1Al Jawf
10%
1,224 France1Taiohae
9%
9,686 Federated States of Micronesia2Tofol
9%
1,762 France1Atuona
9%
1,881 KiribatiTabwakea Village
9%
194 Kiribati1Napari Village
9%
1,103 FranceRikitea
9%

Score Distribution

Percentile by Number Answered

Percent of People with Each Score

Your Score History

You have not taken this quiz